00207 a2200097 4500260003600000245002900036100001500065260000900080300001100089035000900100 bFlammarion Médecine Sciences  aCancers intrathoraciques aIsrael, L. c1986 a300 p. a6837